Ricostruisci la Carriera del Calciatore - Simone Bastoni - Statistics

Statistiche generali
  • Questo quiz è stato fatto 3 volte
  • Il punteggio medio è 2 su 8
Statistiche sulle risposte
Hint Risposta % Corretto
2023- Empoli
100%
2019-2023 Spezia
67%
2019 Novara
33%
2016-2017 Carrarese
0%
2015-2016 Siena
0%
2014-2015 Spezia
0%
2018-2019 Spezia
0%
2017-2018 Trapani
0%
Nessun quiz corrispondente trovato
Distribuzione punteggi
Percentuale di utenti per punteggio
Percentile per numero di risposta
I tuoi punteggi nel tempo
Non hai fatto questo quiz